OECD economic outlook 65 may 1999

Salvato in:
Dettagli Bibliografici
Natura: Libro
Lingua:inglese
Pubblicazione: Paris OECD 1999
Edizione:preliminary ed.
Soggetti:
Tags: Aggiungi Tag
Nessun Tag, puoi essere il primo ad aggiungerne!!

MARC

LEADER 00000nam a2200000 4500
001 c117872
005 20221108123129.8
041 0 |a eng 
044 |a FR 
245 1 0 |a OECD economic outlook 65  |b may 1999 
250 |a preliminary ed. 
264 1 |a Paris  |b OECD  |c 1999 
300 |a 188 s. 
610 2 0 |a ukazovatele ekonomické 
610 2 0 |a situácia hospodárska 
610 2 0 |a ukazovatele štatistické 
610 2 0 |a porovnanie medzinárodné 
610 2 0 |a porovnanie štatistické medzinárodné 
610 2 0 |a vývoj hospodársky 
610 2 0 |a OECD